LDR 00822naa#a2200181#i#450# 001 EN\\bibl\125508 005 20260705085129.7 011 ## _a2658-4026 100 ## _a20260630b2026####ek#y0engy0150####ca 102 ## _aRU 200 1# _aArtificial Intelligence in Cognitive Electronic Warfare – New Realities of Information Warfare. Book Review: Haig K.Z. Andrusenko Yu. Cognitive Electronic Warfare: An Artificial Intelligence Approach. 2nd ed. Boston, London: Artech House; 2025, 432 p. _eJournal article 210 1# _aBryansk _cBryansk State Technical University _d2026 215 ## _a6 с. 608 ## _aJournal article _2local 675 ## _aИскусственный интеллект. 004.8 _aЭргономика. 331.101.1 _z 700 #1 _aDviljanskiy _gAlexey Arkadevich 700 #1 _aSpasennikov _gValeriy Valentinovich 856 4# _anaukaru.ru _u